Les 20 plus grandes villes de l'Eure sur une carte - Statistiques

Statistiques générales
  • Ce quiz a été pris 107 fois
  • Le résultat moyen est 9 sur 20
Réponses sur la Carte
Les réponses sont colorées sur une échelle allant du rouge au vert en fonction du pourcentage des utilisateurs qui les ont devinées à leur premier essai. Vous pouvez retrouver ces pourcentages ci-dessous.
 
Statistiques - réponses
Population Initiale Ville % Correct
48 335 É Évreux
100%
24 841 V Vernon
90%
9 801 B Bernay
74%
7 822 (Les) A Les Andelys
73%
18 347 L Louviers
67%
12 395 G Gisors
60%
9 950 P Pont-Audemer
56%
12 939 V Val-de-Reuil
54%
7 262 V Verneuil d'Avre et d'Iton
46%
6 785 G Gaillon
43%
4 975 P Pacy-sur-Eure
35%
4 860 C Conches-en-Ouche
32%
4 474 S Saint-Marcel
22%
5 508 S Saint-Sébastien-de-Morsent
21%
4 284 B Breteuil
17%
4 697 B Beuzeville
15%
5 156 (Le) Le Val d'Hazey
14%
4 441 M Mesnil-en-Ouche
14%
6 142 M Mesnils-sur-Iton
14%
6 026 V Vexin-sur-Epte
11%
Aucun quiz correspondant
Distribution des résultats
% des personnes avec chaque résultat
Percentile par nombre de réponses
Votre historique - résultats
Vous n’avez pas pris ce quiz